Colonising Egypt
Αποθηκεύτηκε σε:
| Κύριος συγγραφέας: | |
|---|---|
| Μορφή: | Βιβλίο |
| Γλώσσα: | English |
| Δημοσίευση: |
Berkeley :
University of California Press,
1991
|
| Θέματα: | |
| Ετικέτες: |
Προσθήκη ετικέτας
Δεν υπάρχουν, Καταχωρήστε ετικέτα πρώτοι!
|
MARC
| LEADER | 00000cam a2200000 i 4500 | ||
|---|---|---|---|
| 001 | 1/82308 | ||
| 008 | 050727s1991 eng d | ||
| 020 | |a 0-520-07568-4 | ||
| 035 | |l 10079491 | ||
| 040 | |a GR-MY-UA |b gre |e aacr | ||
| 041 | 0 | |a eng | |
| 082 | 0 | |a 303.4826204 |2 (22) | |
| 100 | 1 | |a Mitchell, Timothy, |d 1955- | |
| 245 | 1 | 0 | |a Colonising Egypt / |c Timothy Mitchell |
| 260 | |a Berkeley : |b University of California Press, |c 1991 | ||
| 300 | |a xviii, 218 σ.; |b εικ.; |c 24 εκ. | ||
| 504 | |a Περιέχει βιβλιογραφία (σ. 180-213) και ευρετήριο | ||
| 651 | 0 | |a Egypt |x Relations |z Europe. | |
| 651 | 0 | |a Europe |x Relations |z Egypt. | |
| 651 | 0 | |a Egypt |x Civilization |y 1798- | |
| 852 | |a INST |b LESVOS |e 20050727 |h 303.4826204 MIT |p 005100032020 |q 005100032020 |t BK |y 0 | ||
| 901 | |a BIBL1-2005-2 | ||
| 909 | |a Λ |b 123923 | ||
| 970 | |a ΚΑΡΑ |b ΓΙΑΣΕΜΗ |z 2005/07/27 | ||